Antiguedad y edad media. Manual de historia universal

Guardat en:
Dades bibliogràfiques
Autor principal: Herrera Cajas, Héctor Enrique (autor)
Format: Llibre
Idioma:anglès
Publicat: La Serena, Chile Universidad de La Serena 2020
Edició:Segunda edición.
Col·lecció:Monografías y textos académicos
Matèries:
Accés en línia:Disponible Online -
Etiquetes: Afegir etiqueta
Sense etiquetes, Sigues el primer a etiquetar aquest registre!

MARC

LEADER 00000nam a22000007a 4500
003 CL-VaPUC
005 20240417113828.0
008 210121b ||||| |||| 00| 0 eng d
999 |c 432574  |d 432572 
040 |c Pontificia Universidad Católica de Valparaíso 
082 |a 909 HER 2020 
100 |a Herrera Cajas, Héctor Enrique   |e autor  |9 888385 
245 |a Antiguedad y edad media.  |b Manual de historia universal 
250 |a Segunda edición.  |b Revisada, actualizada y aumentada a cargo de Amelia Herrera Lavanchy 
260 |a La Serena, Chile   |b Universidad de La Serena   |c 2020 
300 |a 228 páginas  
440 |a Monografías y textos académicos   |9 859550 
500 |a Donación Prof. P. Donoso 
583 |c 20210122  |k Cristina Rojas 
650 |a Antigüedad   |9 335267 
650 0 |a Edad media  |9 258041 
650 |a Historia universal   |x Manuales  |9 859551 
852 |a BIBCUR 
856 |u http://bibliografiaobligatoria.pucv.cl.pucv.idm.oclc.org/index.php/bibliotecapucv/catalog/book/98  |y Disponible Online -   |z Lección I a IV pp 11-42 / Lección V a IX pp 43-73 
942 |2 ddc  |c BK 
952 |0 0  |1 0  |2 ddc  |4 0  |6 909_000000000000000_HER_2020  |7 0  |8 A  |9 577541  |a BIBHIS  |b BIBHIS  |d 2021-01-21  |i 5622654  |l 3  |o 909 HER 2020  |p 5622654  |r 2025-01-20  |s 2024-08-19  |t 1  |w 2021-01-21  |y BK  |k HIS